Spell the Marvel Character #291 - Statistics

General Stats
  • This quiz has been taken 9 times
  • The average score is 7 of 9
Answer Stats
Picture Answer % Correct
Nova
100%
Ulysses Bloodstone
100%
Aero
88%
Nocturne
88%
Songbird
88%
Loa
75%
Luna Snow
75%
Outlaw
63%
Wind Dancer
50%
No matching quizzes found
Score Distribution
Percent of People with Each Score
Percentile by Number Answered
Your Score History
You have not taken this quiz